| 000 | 00665nam a2200181Ia 4500 | ||
|---|---|---|---|
| 008 | 100920s9999 xx 000 0 und d | ||
| 082 |
_b98084 _a--- न 06 |
||
| 100 | _aअनु-हुद्दार मधुकर /अर्ल स्टेनले गार्डनर. | ||
| 245 | _aद मास्टर प्लॅन. | ||
| 260 |
_bसुपर्ण प्रकाशन पुणे. _c2006 |
||
| 300 |
_a188 _bसाधी |
||
| 365 | _b160 | ||
| 520 | _aकादंबरी. | ||
| 630 | _aद मास्टर प्लॅन. | ||
| 650 | _aकादंबरी. | ||
| 730 | _aद मास्टर प्लॅन. | ||
| 942 | _cBOOK | ||
| 999 |
_c738522 _d738519 |
||